000 00608cam a2200205 a 4500
001 14240683
005 20241114211156.0
008 060125s2007 iluab be 001 0deng d
020 _a9781593392925 (set)
020 _a1593392923 (set)
050 0 0 _aAE5
_b.E363 2007
082 0 0 _a031
_222
245 0 4 _aThe New Encyclopaedia Britannica.
250 _a15th ed.
260 _aChicago :
_bEncyclopaedia Britannica,
_cc2007
300 _a32 v. :
_bill. (some col.), maps (some col.) ;
_c29 cm.
650 0 _aEncyclopedias and dictionaries.
710 2 _aEncyclopaedia Britannica, Inc.
942 _2lcc
_cBK
_n0
999 _c1224
_d1224